01887cam a22003734i 4500003000900000005001700009008004100026020001500067020001800082035002000100040003300120082002100153100003500174245012200209264005200331300003700383336002100420337002500441338002300466504004000489505084100529526001001370526001001380526001001390526001001400526000801410526000801418526000801426526000801434526000801442526000801450526000801458650004701466PE-LiUPU20250731172902.017019 s2013 miu rb 000 0 eng d a0801039770 a9780801039775 a(Sirsi) a165978 aPE-LiUPUbspacPE-LiUPUerda04a220.601bB242231 aBartholomew, Craig G.,eautor.10aIntroducing biblical hermeneutics : ba comprehensive framework for hearing God in Scripture /cCraig G. Bartholomew. aGrand Rapids. Michigan:bBaker Academic,c2015. a623 páginas ;c24 centimetros. atext2rdacontent aunmediated2rdamedia avolume2rdacarrier aBibliografía : páginas 547-591.04aApproaching biblical interpretation -- Biblical interpretation Coram Deo -- Listening and biblical interpretation -- Biblical interpretation and biblical theology -- The story of our world -- The development of biblical theology -- The story of biblical interpretation -- The traditions within which we read -- Early and medieval Jewish biblical interpretation -- Renaissance, reformation, and modernity -- Canon -- Biblical interpretation and the academic disciplines -- Philosophy, hermeneutics, and biblical interpretation -- History -- Literature -- Theology -- Scripture and the university : the ecology of christian scholarship -- The goal of biblical interpretation -- The "Epistle" to the Hebrews : but we do see Jesus -- Preaching the Bible for all it's worth : the resurrection of the Sermon and the Incarnation of the Christ. aSEG42 aSEG41 aSEG40 aSEG39 aP94 aP87 aP86 aP85 aP77 aP76 aP3504aReligión / Referencia Bíblica General.